Με την πνοή του ανέμου
Αποθηκεύτηκε σε:
| Κύριος συγγραφέας: | |
|---|---|
| Μορφή: | Βιβλίο |
| Γλώσσα: | Greek |
| Δημοσίευση: |
Αθήνα :
Ψυχογιός,
2004
|
| Σειρά: | Έλληνες λογοτέχνες
|
| Θέματα: | |
| Ετικέτες: |
Προσθήκη ετικέτας
Δεν υπάρχουν, Καταχωρήστε ετικέτα πρώτοι!
|
MARC
| LEADER | 00000nam a2200000 i 4500 | ||
|---|---|---|---|
| 001 | 1/81914 | ||
| 008 | 050721r20042003 gre d | ||
| 020 | |a 960-274-758-7 | ||
| 035 | |l 10079390 | ||
| 040 | |a GR-MY-UA |b gre |e aacr | ||
| 041 | 0 | |a gre | |
| 082 | 0 | |a 889.334 |2 (22) | |
| 100 | 1 | |a Πολυράκης, Γιώργος Θ. | |
| 245 | 1 | 0 | |a Με την πνοή του ανέμου / |c Γιώργος Πολυράκης |
| 260 | |a Αθήνα : |b Ψυχογιός, |c 2004 | ||
| 300 | |a 405 σ.; |c 21 εκ. | ||
| 490 | 1 | |a Έλληνες λογοτέχνες | |
| 500 | |a Βραβείο πεζογραφίας Ελληνικής Εταιρείας Χριστιανικών Γραμμάτων | ||
| 500 | |a To Παράρτημα της Χίου διαθέτει την ανατύπωση, 2004 | ||
| 650 | 0 | 0 | |a Greek fiction. |
| 650 | 0 | 0 | |a Greek fiction, Modern |y 20th century. |
| 830 | 0 | |a Έλληνες λογοτέχνες | |
| 852 | |a INST |b CHIOS |e 20050721 |h 889.334 ΠΟΛ |p 005200022049 |q 005200022049 |t BK |y 0 | ||
| 901 | |a BIBL2-2005-2 | ||
| 909 | |a Χ |b 112838 | ||
| 922 | |a 2ΕΛΗ |b 200502 |c ΚΕΝΤΡΙΚΗ ΒΙΒΛΙΟΘΗΚΗ |d ΠΥΞΙΔΑ | ||
| 970 | |a ΧΑΖΙΡΗ |b ΑΝΝΑ |z 2005/07/21 | ||